Héro et Léandre

Salvato in:
Dettagli Bibliografici
Autore principale: Musée (auteur)
Natura: Libro
Lingua:francese
greco
Pubblicazione: París Les Belles Lettres 1968
Serie:Collection des Universités de FRance
Soggetti:
Tags: Aggiungi Tag
Nessun Tag, puoi essere il primo ad aggiungerne!!

MARC

LEADER 00000nam a2200000 a 4500
001 UCQ3074
003 CL-VaPUC
008 980817e19680000FR |||||||||||||||||fre|d
041 0 7 |a fre  |2 CL-VaPUC 
041 0 7 |a gre  |2 CL-VaPUC 
082 0 4 |a 881  |b MUS  |2 21 
100 |a Musée  |e auteur  |9 417136 
245 1 0 |a Héro et Léandre 
300 |a 16 p 
942 |c BK 
945 |d 19980817 00:00:00  |a mvenant 
260 |a París  |b Les Belles Lettres  |c 1968 
650 0 |a Poesía griega  |9 265627 
650 7 |a LITERATURA GRIEGA  |2 CL-VaPUC  |9 258054 
650 7 |a LITERATURA ANTIGUA  |2 CL-VaPUC  |9 412606 
583 |a last modification  |c 19980817 00:00:00  |k Rodrigo Vera 
490 0 |a Collection des Universités de FRance 
999 |c 273722  |d 273720 
952 |0 0  |1 0  |4 0  |6 881_000000000000000_MUS_1968  |7 0  |8 X  |9 309562  |a BIBART  |b BIBART  |d 2019-11-20  |i 3443604  |o 881 MUS 1968  |p 3443604  |r 2025-03-13  |w 2019-11-20  |y BK_X  |k ART